000 00625nam a2200229Ia 4500
003 OSt
005 20230412143204.0
008 210423s2010 xx 000 0 und d
020 _a9788132105077
040 _cAL
041 _aeng
082 _a332.10954 KOTR
100 _aKOTHARI (Rajesh)
_987089
245 _aFinancial services in India: concepts application
260 _aLos Angeles
_bSage Publications
_c2010
300 _axv,331
_bPB
365 _b450
_cINR
650 _aBanking
_987090
650 _aEconomics
_987091
906 _aapplication ; concepts ; Financial ; India: ; services
942 _2ddc
_cBK
999 _c159615
_d159615